[Event "Open Praha 2016"]
[Site "Praha CZE"]
[Date "2016.01.11"]
[Round "5.6"]
[White "Mikalsen, Erlend"]
[Black "Rzayev, Bahruz"]
[Result "0-1"]
[WhiteElo "2314"]
[BlackElo "2400"]
[PlyCount "120"]
[EventDate "2016.01.08"]
[EventType "swiss"]
[EventRounds "9"]
[EventCountry "CZE"]
[Source "lmi"]
[SourceDate "2016.01.08"]

1. e4 e5 2. Nf3 Nc6 3. Bb5 Nge7 4. c3 a6 5. Ba4 g6 6. d4 exd4 7. cxd4 b5 8. Bc2
Bg7 9. d5 Na5 10. Bd2 Nc4 11. Bc3 f6 12. h4 d6 13. h5 gxh5 14. b3 Nb6 15. Nd4
Bg4 16. f3 Bd7 17. Rxh5 Ng6 18. g3 Qe7 19. Qe2 Ne5 20. Nd2 c6 21. dxc6 Nxc6 22.
Nf5 Bxf5 23. Rxf5 Qc7 24. Rc1 Ne7 25. Bxf6 Nxf5 26. exf5+ Kf8 27. Bxg7+ Qxg7
28. Qf2 Re8+ 29. Be4 Nd7 30. Kf1 Nc5 31. b4 Qb2 32. Rb1 Nxe4 33. Rxb2 Nxf2 34.
Kxf2 Rc8 35. Ne4 Ke7 36. g4 h6 37. Re2 Rc6 38. f4 Kf7 39. Rd2 Ke7 40. Kf3 Rf8
41. Rh2 d5 42. Nc5 Rff6 43. Ke3 Rc8 44. Kf3 a5 45. Re2+ Kf7 46. a3 axb4 47.
axb4 h5 48. gxh5 Rxf5 49. Kg4 Rf6 50. f5 Rg8+ 51. Kf4 Rg1 52. Re5 Rf1+ 53. Kg5
Rg1+ 54. Kf4 Rd1 55. Ne6 Rh6 56. Nd8+ Kg7 57. Ne6+ Kf6 58. Re3 Rxh5 59. Nc7
Rxf5+ 60. Kg4 Rd4+ 0-1

[Event "Open Praha 2016"]
[Site "Praha CZE"]
[Date "2016.01.11"]
[Round "5.7"]
[White "Schmidt-Schaeffer, Sebastian"]
[Black "Shevchenko, Kirill"]
[Result "1/2-1/2"]
[WhiteElo "2381"]
[BlackElo "2373"]
[PlyCount "122"]
[EventDate "2016.01.08"]
[EventType "swiss"]
[EventRounds "9"]
[EventCountry "CZE"]
[Source "lmi"]
[SourceDate "2016.01.08"]

1. f4 d5 2. Nf3 Bg4 3. e3 Nd7 4. h3 Bxf3 5. Qxf3 e5 6. Qxd5 Qh4+ 7. Kd1 O-O-O
8. fxe5 Qe7 9. b3 Nc5 10. Qf3 Qxe5 11. c3 Nf6 12. d4 Nce4 13. Bd3 Qe6 14. Rf1
Rd7 15. Kc2 Bd6 16. Nd2 Re8 17. Bc4 Qe7 18. Nxe4 Qxe4+ 19. Qxe4 Nxe4 20. Rxf7
Rxf7 21. Bxf7 Rf8 22. Bd5 Rf2+ 23. Kd3 Ng3 24. Bf3 Rf1 25. a4 c6 26. Bb2 Rf2
27. Rb1 Kd8 28. c4 Bb4 29. Bc3 a5 30. e4 g5 31. c5 Bxc3 32. Kxc3 Ne2+ 33. Kc4
Nf4 34. d5 Rc2+ 35. Kd4 Kd7 36. g3 Rd2+ 37. Ke3 Rd3+ 38. Kf2 Ng6 39. Bg4+ Ke8
40. dxc6 bxc6 41. Bh5 Rd4 42. Ke3 Rb4 43. Bd1 Ne5 44. Rc1 Ke7 45. Rc3 Ke6 46.
Be2 h6 47. Ba6 Kd7 48. Bc4 Nxc4+ 49. bxc4 Ke6 50. Kd4 Rxa4 51. Rb3 Ra1 52. Rb6
Rd1+ 53. Ke3 Re1+ 54. Kf2 Rxe4 55. Rxc6+ Ke5 56. Rxh6 Rxc4 57. c6 a4 58. Rg6
Kf5 59. Rd6 Ke5 60. Rg6 Kf5 61. Rd6 Ke5 1/2-1/2

[Event "Open Praha 2016"]
[Site "Praha CZE"]
[Date "2016.01.11"]
[Round "5.8"]
[White "Chetverik, Maxim"]
[Black "Sergeev, Vladimir"]
[Result "0-1"]
[WhiteElo "2260"]
[BlackElo "2452"]
[PlyCount "108"]
[EventDate "2016.01.08"]
[EventType "swiss"]
[EventRounds "9"]
[EventCountry "CZE"]
[Source "lmi"]
[SourceDate "2016.01.08"]

1. d4 Nf6 2. c4 g6 3. Nf3 Bg7 4. g3 c5 5. Bg2 Nc6 6. O-O O-O 7. Nc3 cxd4 8.
Nxd4 d6 9. Nxc6 bxc6 10. Bxc6 Rb8 11. Bg2 Qa5 12. Nb5 Bb7 13. Bd2 Qa6 14. Bxb7
Rxb7 15. a4 Ne4 16. Qc2 Nxd2 17. Qxd2 Qc6 18. Rfc1 a6 19. Nd4 Qb6 20. e3 Qxb2
21. Qxb2 Rxb2 22. Nc6 Rb7 23. Rab1 Rc7 24. Nb4 Ra7 25. Nc6 Rc7 26. Nb4 e6 27.
Nxa6 Ra7 28. Nb8 Rc8 29. Rb5 d5 30. c5 Be5 31. Rcb1 Kg7 32. c6 Bxb8 33. Rxb8
Rxc6 34. R8b4 Rc2 35. Ra1 Ra5 36. e4 g5 37. exd5 Rxd5 38. Rbb1 Rdd2 39. Rf1 Ra2
40. Rxa2 Rxa2 41. f4 h6 42. Rf2 Rxa4 43. Kg2 gxf4 44. gxf4 Kf6 45. Rf3 Kf5 46.
Kg3 h5 47. h4 Rb4 48. Rf2 Rb3+ 49. Kh2 f6 50. Kg2 Re3 51. Kh2 Rc3 52. Kg2 Rb3
53. Kh2 Re3 54. Kg2 Kg4 0-1

[Event "Open Praha 2016"]
[Site "Praha CZE"]
[Date "2016.01.11"]
[Round "5.9"]
[White "Meister, Yakov"]
[Black "Kantorik, Marian"]
[Result "1/2-1/2"]
[WhiteElo "2446"]
[BlackElo "2252"]
[PlyCount "112"]
[EventDate "2016.01.08"]
[EventType "swiss"]
[EventRounds "9"]
[EventCountry "CZE"]
[Source "lmi"]
[SourceDate "2016.01.08"]

1. d4 Nf6 2. Bf4 c5 3. dxc5 Na6 4. Nc3 Nxc5 5. e3 d6 6. Bc4 g6 7. Nge2 Bg7 8.
h3 O-O 9. O-O a6 10. a4 Be6 11. Bxe6 Nxe6 12. Bh2 Rc8 13. Kh1 Qd7 14. e4 Rfd8
15. f3 Nc7 16. a5 Qe8 17. Na4 Nd7 18. Nec3 Na8 19. Bg1 Rc6 20. Nd5 e6 21. Ne3
b5 22. axb6 Ndxb6 23. Nc3 Nc7 24. Qe2 d5 25. Ned1 d4 26. Na2 a5 27. Nc1 a4 28.
Nd3 e5 29. N1f2 Ne6 30. Bh2 Rdc8 31. Rfc1 f6 32. f4 exf4 33. Nxf4 Nxf4 34. Bxf4
Rc4 35. b3 axb3 36. cxb3 Rxc1+ 37. Rxc1 Rxc1+ 38. Bxc1 f5 39. Qd3 fxe4 40. Nxe4
Qe6 41. Bd2 Qd5 42. Kg1 Qf5 43. g4 Qe5 44. Kg2 h6 45. Nf2 Kh7 46. h4 h5 47.
gxh5 Qxh5 48. Bg5 Nd5 49. Qf3 Ne3+ 50. Bxe3 dxe3 51. Qxe3 Qxh4 52. Ne4 Bh6 53.
Qf3 Qf4 54. b4 Qc1 55. Qf7+ Bg7 56. Qb3 Qb2+ 1/2-1/2

[Event "Open Praha 2016"]
[Site "Praha CZE"]
[Date "2016.01.11"]
[Round "5.11"]
[White "Matras, Ondrej"]
[Black "Matsenko, Andrei"]
[Result "1/2-1/2"]
[WhiteElo "2247"]
[BlackElo "2347"]
[PlyCount "74"]
[EventDate "2016.01.08"]
[EventType "swiss"]
[EventRounds "9"]
[EventCountry "CZE"]
[Source "lmi"]
[SourceDate "2016.01.08"]

1. d4 Nf6 2. c4 e6 3. Nc3 Bb4 4. Qc2 c5 5. dxc5 O-O 6. Nf3 Na6 7. g3 Nxc5 8.
Bg2 Nce4 9. Bd2 Nxd2 10. Nxd2 d5 11. O-O Qc7 12. a3 Be7 13. Qb3 d4 14. Nb5 Qb6
15. a4 a6 16. Na3 Qa5 17. Rfd1 Bd7 18. Nc2 e5 19. Qd3 Bc6 20. b4 Qc7 21. Bxc6
Qxc6 22. b5 Qe6 23. e3 dxe3 24. Nxe3 Rad8 25. Qf5 Bb4 26. Qxe6 fxe6 27. Nf3 Ne4
28. Rxd8 Rxd8 29. bxa6 bxa6 30. Rb1 a5 31. Nxe5 Nc3 32. Rf1 Nxa4 33. Nc6 Rc8
34. Nxa5 Bxa5 35. Ra1 Nb6 36. Rxa5 Nxc4 37. Nxc4 Rxc4 1/2-1/2

[Event "Open Praha 2016"]
[Site "Praha CZE"]
[Date "2016.01.11"]
[Round "5.15"]
[White "Koehler, Gerhard"]
[Black "Hoefelsauer, Thomas"]
[Result "1-0"]
[WhiteElo "2202"]
[BlackElo "2304"]
[PlyCount "99"]
[EventDate "2016.01.08"]
[EventType "swiss"]
[EventRounds "9"]
[EventCountry "CZE"]
[Source "lmi"]
[SourceDate "2016.01.08"]

1. c4 c6 2. Nf3 d5 3. e3 Nf6 4. Nc3 Bf5 5. Qb3 Qb6 6. Qxb6 axb6 7. cxd5 cxd5 8.
Nd4 Bd7 9. f4 Nc6 10. Ncb5 Nxd4 11. Nxd4 g6 12. b3 Bg7 13. Bb2 Ne4 14. Be2 O-O
15. d3 Nd6 16. Kd2 Rfc8 17. Rhb1 Rc5 18. a4 Rac8 19. Bd1 h5 20. b4 R5c7 21. Bb3
e6 22. Rc1 Nf5 23. Nxf5 Bxb2 24. Ne7+ Kf8 25. Nxc8 Bxc1+ 26. Rxc1 Rxc1 27. Kxc1
Bxc8 28. e4 dxe4 29. dxe4 Bd7 30. b5 f6 31. e5 fxe5 32. fxe5 g5 33. Bd1 h4 34.
Bf3 Bc8 35. Kd2 Kg7 36. Ke3 Kg6 37. Be4+ Kh5 38. Kf3 Kh6 39. Ke3 Kg7 40. Kd4
Kf7 41. Ke3 Kg7 42. h3 Kg8 43. Kf3 Kg7 44. g3 hxg3 45. Kxg3 Kh6 46. Kg4 Kg7 47.
Kxg5 Kf7 48. Kh6 Bd7 49. Bxb7 Be8 50. Bc6 1-0

[Event "Open Praha 2016"]
[Site "Praha CZE"]
[Date "2016.01.11"]
[Round "5.19"]
[White "Burnett, Andrew"]
[Black "Rydl, Jiri"]
[Result "0-1"]
[WhiteElo "2210"]
[BlackElo "2412"]
[PlyCount "80"]
[EventDate "2016.01.08"]
[EventType "swiss"]
[EventRounds "9"]
[EventCountry "CZE"]
[Source "lmi"]
[SourceDate "2016.01.08"]

1. d4 Nf6 2. Nf3 d5 3. c4 c6 4. Nc3 e6 5. g3 dxc4 6. Bg2 Nbd7 7. O-O b5 8. e4
Bb7 9. Bg5 Qb6 10. Bxf6 Nxf6 11. e5 Nd5 12. Ng5 Be7 13. Nge4 O-O 14. Qg4 Kh8
15. Rad1 Rad8 16. a3 Rd7 17. h4 h6 18. Rfe1 Nxc3 19. bxc3 a5 20. Ng5 Qd8 21. f4
b4 22. axb4 axb4 23. Be4 c5 24. d5 Bxg5 25. dxe6 Rxd1 26. Rxd1 Bxe4 27. Rxd8
Bxd8 28. f5 Bd3 29. cxb4 cxb4 30. Qd4 fxe6 31. Qd6 Rxf5 32. Qxd8+ Kh7 33. Qd4
Rf1+ 34. Kh2 b3 35. g4 Rb1 36. g5 b2 37. gxh6 Rh1+ 38. Kxh1 b1=Q+ 39. Kh2 Qc2+
40. Kg3 Bf5 0-1

[Event "Open Praha 2016"]
[Site "Praha CZE"]
[Date "2016.01.11"]
[Round "5.21"]
[White "Jurcik, Martin"]
[Black "Jelinek, Michal"]
[Result "1/2-1/2"]
[WhiteElo "2349"]
[BlackElo "2193"]
[PlyCount "65"]
[EventDate "2016.01.08"]
[EventType "swiss"]
[EventRounds "9"]
[EventCountry "CZE"]
[Source "lmi"]
[SourceDate "2016.01.08"]

1. d4 d5 2. c4 e6 3. Nc3 Nf6 4. cxd5 exd5 5. Bg5 c6 6. Qc2 Be7 7. e3 O-O 8. Bd3
Nbd7 9. Nge2 Re8 10. O-O Nf8 11. a3 Be6 12. b4 a6 13. Na4 Ng6 14. Nc5 Bc8 15.
Bxf6 Bxf6 16. a4 Be7 17. b5 axb5 18. axb5 Rb8 19. Rfb1 Bd6 20. bxc6 bxc6 21.
Rxb8 Bxb8 22. Ra8 Qd6 23. Ng3 Rf8 24. Bf5 Bxf5 25. Qxf5 Bc7 26. Rxf8+ Nxf8 27.
Qc8 g6 28. Na6 Bb6 29. Qb8 Qxb8 30. Nxb8 c5 31. dxc5 Bxc5 32. Ne2 Kg7 33. Nc6
1/2-1/2

[Event "Open Praha 2016"]
[Site "Praha CZE"]
[Date "2016.01.11"]
[Round "5.26"]
[White "Woloch, Oskar"]
[Black "Low, Zhen Yu Cyrus"]
[Result "0-1"]
[WhiteElo "2149"]
[BlackElo "2269"]
[PlyCount "78"]
[EventDate "2016.01.08"]
[EventType "swiss"]
[EventRounds "9"]
[EventCountry "CZE"]
[Source "lmi"]
[SourceDate "2016.01.08"]

1. d4 Nf6 2. c4 g6 3. Nc3 d5 4. cxd5 Nxd5 5. e4 Nxc3 6. bxc3 Bg7 7. Bc4 c5 8.
Ne2 Nc6 9. Be3 O-O 10. O-O Bg4 11. f3 Na5 12. Bd3 cxd4 13. cxd4 Be6 14. Qa4 a6
15. Rac1 b5 16. Qb4 Bxa2 17. d5 Bc4 18. Bxc4 Nxc4 19. Bc5 Re8 20. Nd4 Qd7 21.
Nc6 e6 22. Rfd1 exd5 23. Ne7+ Kh8 24. Nxd5 Qc6 25. Bf2 a5 26. Qe1 f5 27. Bd4
Bxd4+ 28. Rxd4 Qb7 29. Qh4 Kg7 30. exf5 gxf5 31. Nf6 Re7 32. Rcd1 Rf8 33. Rd8
Ref7 34. Nh5+ Kh8 35. Kh1 Kg8 36. h3 Qb6 37. Kh2 Ne3 38. R1d2 Nf1+ 39. Kh1 Nxd2
0-1

[Event "Open Praha 2016"]
[Site "Praha CZE"]
[Date "2016.01.11"]
[Round "5.29"]
[White "Hovsepyan, Vardan"]
[Black "Kierzek, Matthias"]
[Result "1-0"]
[WhiteElo "2067"]
[BlackElo "2244"]
[PlyCount "79"]
[EventDate "2016.01.08"]
[EventType "swiss"]
[EventRounds "9"]
[EventCountry "CZE"]
[Source "lmi"]
[SourceDate "2016.01.08"]

1. e4 c6 2. Nc3 d5 3. Nf3 Nf6 4. e5 Ne4 5. d3 Nxc3 6. bxc3 c5 7. Be2 Nc6 8. h3
e6 9. O-O Be7 10. d4 c4 11. Nh2 Qa5 12. Qe1 b5 13. f4 b4 14. Bd2 Qc7 15. Ng4 h5
16. Ne3 g6 17. cxb4 Nxd4 18. c3 Nxe2+ 19. Qxe2 a5 20. a3 Bd7 21. Nc2 axb4 22.
axb4 O-O 23. Nd4 Rxa1 24. Rxa1 Qb7 25. Rf1 f5 26. g4 h4 27. Kh2 Kh7 28. Rg1 Rg8
29. Be1 Qa7 30. Qg2 Qa8 31. Bf2 Qa2 32. gxf5 exf5 33. Qf3 Qd2 34. Rg2 Qd3 35.
Qxd5 Ba4 36. Qb7 Rg7 37. Ne6 Qe4 38. Qxe4 fxe4 39. Nxg7 Kxg7 40. f5 1-0

[Event "Open Praha 2016"]
[Site "Praha CZE"]
[Date "2016.01.11"]
[Round "5.31"]
[White "Michalczak, Thomas"]
[Black "Pesola, Jyrki"]
[Result "1-0"]
[WhiteElo "2215"]
[BlackElo "1907"]
[PlyCount "37"]
[EventDate "2016.01.08"]
[EventType "swiss"]
[EventRounds "9"]
[EventCountry "CZE"]
[Source "lmi"]
[SourceDate "2016.01.08"]

1. e4 c5 2. Nf3 Nc6 3. d4 cxd4 4. Nxd4 Nf6 5. Nc3 d6 6. Bg5 e6 7. Qd2 a6 8.
O-O-O Qc7 9. f4 b5 10. e5 Nxd4 11. exf6 e5 12. fxe5 dxe5 13. Nxb5 axb5 14.
Bxb5+ Bd7 15. Qxd4 Bxb5 16. Rhe1 Bd7 17. Rxe5+ Be6 18. Qd5 Qc8 19. Qb5+ 1-0

[Event "Open Praha 2016"]
[Site "Praha CZE"]
[Date "2016.01.11"]
[Round "5.33"]
[White "Yapar, Nedim"]
[Black "Vichnar, David"]
[Result "1-0"]
[WhiteElo "2021"]
[BlackElo "2360"]
[PlyCount "59"]
[EventDate "2016.01.08"]
[EventType "swiss"]
[EventRounds "9"]
[EventCountry "CZE"]
[Source "lmi"]
[SourceDate "2016.01.08"]

1. e4 c5 2. Nf3 e6 3. d4 cxd4 4. Nxd4 Nc6 5. Nc3 Qc7 6. f4 a6 7. Nxc6 Qxc6 8.
Bd3 Bc5 9. Qe2 Ne7 10. Bd2 d6 11. O-O-O Bd7 12. Kb1 O-O 13. Qh5 Rac8 14. e5 g6
15. Qg5 d5 16. h4 Nf5 17. h5 Be7 18. Qg4 Kg7 19. Qh3 Rh8 20. g4 Nd4 21. Rdg1 f5
22. exf6+ Bxf6 23. g5 Be7 24. Qe3 Nf5 25. Qe5+ Kg8 26. Bxf5 gxf5 27. h6 Bf8 28.
g6 hxg6 29. Rxg6+ Kf7 30. Qf6+ 1-0

[Event "Open Praha 2016"]
[Site "Praha CZE"]
[Date "2016.01.11"]
[Round "5.37"]
[White "Sindler, Michal"]
[Black "Szudra, Heinz-Werner"]
[Result "1/2-1/2"]
[WhiteElo "2196"]
[BlackElo "1993"]
[PlyCount "60"]
[EventDate "2016.01.08"]
[EventType "swiss"]
[EventRounds "9"]
[EventCountry "CZE"]
[Source "lmi"]
[SourceDate "2016.01.08"]

1. e4 e6 2. d4 d5 3. Nc3 Bb4 4. e5 c5 5. a3 Bxc3+ 6. bxc3 Ne7 7. Qg4 O-O 8. Bd3
f5 9. exf6 Rxf6 10. Bg5 Rf7 11. Qh5 g6 12. Qd1 Nbc6 13. Nf3 Qf8 14. O-O c4 15.
Be2 h6 16. Bc1 g5 17. a4 Qg7 18. h3 b6 19. Ba3 Ng6 20. Nh2 Nf4 21. Bg4 Qg6 22.
Bd6 h5 23. Bf3 Rh7 24. Re1 Bd7 25. h4 Rd8 26. Qc1 Bc8 27. Be5 Rf8 28. hxg5 Qxg5
29. Bd6 Rf5 30. g3 Rhf7 1/2-1/2

[Event "Open Praha 2016"]
[Site "Praha CZE"]
[Date "2016.01.11"]
[Round "5.38"]
[White "Jascenko, Olga"]
[Black "Zemlicka, Vit"]
[Result "1-0"]
[WhiteElo "2192"]
[BlackElo "1991"]
[PlyCount "41"]
[EventDate "2016.01.08"]
[EventType "swiss"]
[EventRounds "9"]
[EventCountry "CZE"]
[Source "lmi"]
[SourceDate "2016.01.08"]

1. d4 Nf6 2. c4 g6 3. Nc3 Bg7 4. e4 d6 5. Be2 O-O 6. Bg5 c5 7. d5 h6 8. Bh4 a6
9. a4 Qa5 10. Kf1 g5 11. Bg3 Nxe4 12. Nxe4 f5 13. h4 fxe4 14. hxg5 hxg5 15. Rh5
Nd7 16. Rxg5 Nf6 17. Ra3 Qb4 18. Qc1 Rf7 19. Bf4 Nh7 20. Rxg7+ Rxg7 21. a5 1-0

[Event "Open Praha 2016"]
[Site "Praha CZE"]
[Date "2016.01.11"]
[Round "5.39"]
[White "Motornov, Vladimir"]
[Black "Eriksson, Christian Altenburg"]
[Result "1-0"]
[WhiteElo "1972"]
[BlackElo "2190"]
[PlyCount "37"]
[EventDate "2016.01.08"]
[EventType "swiss"]
[EventRounds "9"]
[EventCountry "CZE"]
[Source "lmi"]
[SourceDate "2016.01.08"]

1. d4 d5 2. c4 dxc4 3. Nf3 Nf6 4. e3 e6 5. Bxc4 a6 6. O-O b5 7. Bd3 Bb7 8. a4
b4 9. Qe2 c5 10. Rd1 Qc7 11. Nbd2 Nc6 12. Nc4 Be7 13. dxc5 Bxc5 14. b3 O-O 15.
Bb2 Rfe8 16. Ng5 Qe7 17. Bxf6 Qxf6 18. Qh5 Ne5 19. Nxe5 1-0

[Event "Open Praha 2016"]
[Site "Praha CZE"]
[Date "2016.01.12"]
[Round "6.1"]
[White "Gavrilov, Alexei"]
[Black "Rzayev, Bahruz"]
[Result "1/2-1/2"]
[WhiteElo "2425"]
[BlackElo "2400"]
[PlyCount "167"]
[EventDate "2016.01.08"]
[EventType "swiss"]
[EventRounds "9"]
[EventCountry "CZE"]
[Source "lmi"]
[SourceDate "2016.01.08"]

1. d4 d5 2. c4 e6 3. Nf3 Nf6 4. Nc3 Bb4 5. Bg5 h6 6. Bxf6 Qxf6 7. Qa4+ Nc6 8.
e3 O-O 9. Be2 dxc4 10. O-O Bxc3 11. bxc3 e5 12. Qxc4 exd4 13. cxd4 Bg4 14. Rab1
Qd6 15. Rfc1 Rab8 16. Qc3 Rfc8 17. h3 Bf5 18. Rb5 Ne7 19. Ne5 a6 20. Rb2 Ng6
21. Bd3 Bxd3 22. Nxd3 Nh4 23. Qc4 Nf5 24. Qc5 Qd7 25. Qe5 Nd6 26. Nc5 Qd8 27.
Qd5 a5 28. Qf3 b5 29. Qc6 Rb6 30. Qd7 Nc4 31. Rb3 Nd2 32. Rbc3 Nc4 33. a4 c6
34. Rb3 Nd6 35. Rb2 Rbb8 36. Ra2 Nc4 37. Rb1 Qxd7 38. Nxd7 Rb7 39. Nc5 Rbb8 40.
Rc1 f6 41. Kf1 Kf7 42. Ke2 Ke7 43. Kd3 Kd6 44. Rca1 Re8 45. Kc3 Re7 46. Kd3 Ra7
47. Rc1 Nb6 48. Rb2 Nd5 49. Kd2 f5 50. g4 fxg4 51. hxg4 b4 52. Ne4+ Kd7 53. Rh1
Re8 54. Nc5+ Kd6 55. Kd3 Nc3 56. Rh5 Rae7 57. Rf5 Kc7 58. Kc4 Kb6 59. Rc2 Ne4
60. Nxe4 Rxe4 61. g5 h5 62. Kd3 h4 63. g6 Rg4 64. Rh5 Rf8 65. f4 Rxg6 66. Rxh4
Rg3 67. Rch2 Re8 68. Re2 g5 69. fxg5 Rxg5 70. Rh6 Kb7 71. Rh7+ Kb6 72. Rh6 Kb7
73. Rc2 Rg3 74. Re2 Rg1 75. Rf2 Rg3 76. Re2 Rg1 77. Rf2 Re7 78. Rc2 Rg3 79.
Rcxc6 Rexe3+ 80. Kd2 Rd3+ 81. Ke2 Rde3+ 82. Kf2 Ref3+ 83. Ke2 Re3+ 84. Kf2
1/2-1/2

[Event "Open Praha 2016"]
[Site "Praha CZE"]
[Date "2016.01.12"]
[Round "6.2"]
[White "Atalik, Ekaterina"]
[Black "Teske, Henrik"]
[Result "1/2-1/2"]
[WhiteElo "2378"]
[BlackElo "2461"]
[PlyCount "24"]
[EventDate "2016.01.08"]
[EventType "swiss"]
[EventRounds "9"]
[EventCountry "CZE"]
[Source "lmi"]
[SourceDate "2016.01.08"]

1. d4 Nf6 2. c4 e6 3. Nf3 d5 4. Nc3 c5 5. cxd5 Nxd5 6. e4 Nxc3 7. bxc3 cxd4 8.
cxd4 Bb4+ 9. Bd2 Bxd2+ 10. Qxd2 O-O 11. Bc4 b6 12. O-O Nd7 1/2-1/2

[Event "Open Praha 2016"]
[Site "Praha CZE"]
[Date "2016.01.12"]
[Round "6.3"]
[White "Ivanov, Mikhail M"]
[Black "Jurcik, Marian"]
[Result "1/2-1/2"]
[WhiteElo "2359"]
[BlackElo "2500"]
[PlyCount "149"]
[EventDate "2016.01.08"]
[EventType "swiss"]
[EventRounds "9"]
[EventCountry "CZE"]
[Source "lmi"]
[SourceDate "2016.01.08"]

1. d4 Nf6 2. c4 g6 3. Nc3 Bg7 4. e4 d6 5. Nge2 c6 6. f3 a6 7. Be3 Nbd7 8. c5 b5
9. cxb6 Nxb6 10. Nc1 O-O 11. Be2 Be6 12. O-O a5 13. b3 Qc7 14. Rb1 Rfb8 15. Qc2
Rb7 16. Bd3 a4 17. bxa4 Nc4 18. Rxb7 Qxb7 19. Bxc4 Bxc4 20. Nd3 Nd7 21. Rd1 Qb6
22. Nb2 Be6 23. Qd2 Qa5 24. Rc1 Bxa2 25. Bh6 Bh8 26. e5 Be6 27. f4 Bg7 28. Bxg7
Kxg7 29. h3 Rb8 30. Kh2 Rb3 31. Nbd1 Nb6 32. Ra1 Nc4 33. Qc2 Qb6 34. d5 Bxd5
35. Nxd5 cxd5 36. exd6 Nxd6 37. a5 Qb4 38. a6 Qxf4+ 39. Kh1 Qf1+ 40. Kh2 Qf4+
41. Kh1 Qd4 42. Qxb3 Qxa1 43. Qc3+ Qxc3 44. Nxc3 Nc8 45. Nxd5 e6 46. Nc3 Na7
47. g4 h6 48. Kg2 Kf6 49. Kf3 Ke5 50. h4 f5 51. Ne2 g5 52. hxg5 hxg5 53. Ng3
Nc6 54. Nf1 Kd4 55. Ng3 Ke5 56. Nf1 Kd6 57. Ng3 Nd4+ 58. Ke3 f4+ 59. Kxd4 fxg3
60. Ke3 Kc6 61. Kf3 Kb6 62. Kxg3 Kxa6 63. Kf3 Kb6 64. Ke4 Kc6 65. Ke5 Kd7 66.
Kf6 Kd6 67. Kxg5 e5 68. Kf5 e4 69. Kxe4 Ke6 70. g5 Kf7 71. Kf5 Kg7 72. g6 Kg8
73. Kf6 Kf8 74. g7+ Kg8 75. Kg6 1/2-1/2

[Event "Open Praha 2016"]
[Site "Praha CZE"]
[Date "2016.01.12"]
[Round "6.4"]
[White "Frolov, Artur"]
[Black "Wisniewski, Michal"]
[Result "0-1"]
[WhiteElo "2499"]
[BlackElo "2270"]
[PlyCount "90"]
[EventDate "2016.01.08"]
[EventType "swiss"]
[EventRounds "9"]
[EventCountry "CZE"]
[Source "lmi"]
[SourceDate "2016.01.08"]

1. e4 c5 2. Nf3 d6 3. d4 cxd4 4. Nxd4 Nf6 5. Nc3 g6 6. Bg5 Bg7 7. Bb5+ Nbd7 8.
Qe2 O-O 9. O-O-O a6 10. Bxd7 Bxd7 11. f4 Bg4 12. Nf3 h6 13. Bxf6 Bxf6 14. e5
Bg7 15. h3 Bxf3 16. Qxf3 Qa5 17. exd6 exd6 18. Rd5 Qb4 19. a3 Qc4 20. Rhd1 Bxc3
21. Qxc3 Qxf4+ 22. Qd2 Qxd2+ 23. R1xd2 Rfe8 24. Rxd6 Re1+ 25. Rd1 Re2 26. R6d2
Rae8 27. c4 Kg7 28. b4 g5 29. c5 h5 30. Rxe2 Rxe2 31. Rd2 Rxd2 32. Kxd2 Kf6 33.
g4 hxg4 34. hxg4 Ke5 35. Ke3 f5 36. gxf5 Kxf5 37. Kd4 g4 38. a4 Kf4 39. b5 axb5
40. axb5 g3 41. c6 bxc6 42. bxc6 g2 43. Kd5 g1=Q 44. c7 Qg8+ 45. Kc6 Qc8 0-1

[Event "Open Praha 2016"]
[Site "Praha CZE"]
[Date "2016.01.12"]
[Round "6.5"]
[White "Sergeev, Vladimir"]
[Black "Chudinovskikh, Alexander M"]
[Result "1/2-1/2"]
[WhiteElo "2452"]
[BlackElo "2241"]
[PlyCount "81"]
[EventDate "2016.01.08"]
[EventType "swiss"]
[EventRounds "9"]
[EventCountry "CZE"]
[Source "lmi"]
[SourceDate "2016.01.08"]

1. g3 d5 2. Nf3 Nf6 3. Bg2 e6 4. O-O Be7 5. d3 c5 6. Nbd2 Nc6 7. e4 O-O 8. Re1
b5 9. a3 a5 10. h3 a4 11. exd5 exd5 12. Nf1 b4 13. Bf4 Ra6 14. Qd2 Nh5 15. Ne5
Nxf4 16. Nxc6 Nxh3+ 17. Bxh3 Rxc6 18. Bxc8 Rxc8 19. axb4 cxb4 20. Rxa4 Rc6 21.
Ne3 Qd7 22. Ra5 Qh3 23. Qd1 Bc5 24. Qg4 Qxg4 25. Nxg4 f6 26. Rb5 h5 27. Nh2
Rfc8 28. Nf1 Rb6 29. Ra5 b3 30. c3 d4 31. Nd2 dxc3 32. bxc3 b2 33. Rb1 Bf8 34.
Nc4 Rb3 35. Rxb2 Rxb2 36. Nxb2 Rxc3 37. Rxh5 g5 38. Kg2 Rc2 39. Nd1 Bc5 40. Rh1
Rd2 41. Re1 1/2-1/2

[Event "Open Praha 2016"]
[Site "Praha CZE"]
[Date "2016.01.12"]
[Round "6.6"]
[White "Manik, Mikulas"]
[Black "Postupa, Pavel"]
[Result "1-0"]
[WhiteElo "2406"]
[BlackElo "2233"]
[PlyCount "69"]
[EventDate "2016.01.08"]
[EventType "swiss"]
[EventRounds "9"]
[EventCountry "CZE"]
[Source "lmi"]
[SourceDate "2016.01.08"]

1. e4 c5 2. Nf3 d6 3. d4 cxd4 4. Nxd4 Nf6 5. Nc3 a6 6. Be3 e5 7. Nb3 Be6 8. h3
d5 9. exd5 Nxd5 10. Nxd5 Bxd5 11. Qh5 Qc7 12. O-O-O Be6 13. Bd3 Nd7 14. Bg5 g6
15. Qh4 Bg7 16. Be7 h6 17. Rhe1 g5 18. Qb4 Bf8 19. Bxf8 Rxf8 20. Be4 O-O-O 21.
Rd6 Bxb3 22. axb3 Nc5 23. Rxh6 f5 24. Bc6 b6 25. Qc3 Qg7 26. Rh5 Qg6 27. b4
Qxh5 28. bxc5 Qh6 29. cxb6 Kb8 30. Rxe5 Qd6 31. Rd5 Qf4+ 32. Kb1 Rxd5 33. Bxd5
Re8 34. Qc6 Re1+ 35. Ka2 1-0

[Event "Open Praha 2016"]
[Site "Praha CZE"]
[Date "2016.01.12"]
[Round "6.7"]
[White "Kowalczyk, Pawel"]
[Black "Schmidt-Schaeffer, Sebastian"]
[Result "0-1"]
[WhiteElo "2350"]
[BlackElo "2381"]
[PlyCount "84"]
[EventDate "2016.01.08"]
[EventType "swiss"]
[EventRounds "9"]
[EventCountry "CZE"]
[Source "lmi"]
[SourceDate "2016.01.08"]

1. Nf3 f5 2. g3 Nf6 3. Bg2 e6 4. O-O Be7 5. c4 O-O 6. Nc3 d5 7. d3 c6 8. e4
fxe4 9. dxe4 dxc4 10. Qe2 b5 11. Rd1 Qe8 12. e5 Nd5 13. Ne4 Qh5 14. Bg5 Bxg5
15. Nexg5 Na6 16. Rd4 h6 17. Rh4 Qg6 18. Ne4 Nab4 19. Nd4 Nd3 20. f4 Bd7 21.
Rg4 Qe8 22. Nd6 Qd8 23. Rf1 Qb6 24. Qe4 Ne7 25. Qe3 Rad8 26. Kh1 c5 27. Nf3 Nf5
28. Nxf5 exf5 29. Rh4 Nxb2 30. Rb1 Nd3 31. a4 b4 32. a5 Qxa5 33. e6 Rde8 34. e7
Rf7 35. Ng5 Rexe7 36. Qf3 hxg5 37. fxg5 Qa2 38. Rf1 g6 39. Qa8+ Re8 40. Qd5 Qe2
41. Qxc4 Bc6 42. Re4 Bxe4 0-1

[Event "Open Praha 2016"]
[Site "Praha CZE"]
[Date "2016.01.12"]
[Round "6.8"]
[White "Olsarova, Karolina"]
[Black "Plischki, Sebastian"]
[Result "0-1"]
[WhiteElo "2252"]
[BlackElo "2377"]
[PlyCount "106"]
[EventDate "2016.01.08"]
[EventType "swiss"]
[EventRounds "9"]
[EventCountry "CZE"]
[Source "lmi"]
[SourceDate "2016.01.08"]

1. e4 c5 2. Nf3 d6 3. Bb5+ Nc6 4. Bxc6+ bxc6 5. O-O e5 6. h3 Ne7 7. Re1 Ng6 8.
c3 Be7 9. d4 cxd4 10. cxd4 f6 11. Nc3 O-O 12. Be3 Be6 13. d5 cxd5 14. Nxd5 Rf7
15. Qd2 Bf8 16. Rac1 Rc8 17. b4 h6 18. Nh2 Rxc1 19. Rxc1 Qb8 20. a3 Qb7 21. f3
Rd7 22. Ng4 Bxd5 23. Qxd5+ Qxd5 24. exd5 f5 25. Nh2 Ne7 26. Rd1 Rb7 27. f4 e4
28. Nf1 a6 29. Bc1 Rc7 30. Ne3 g6 31. Bb2 Bg7 32. Bxg7 Kxg7 33. Kf2 g5 34. g3
Kf6 35. a4 gxf4 36. gxf4 Ng6 37. Ng2 Rc2+ 38. Kf1 Rb2 39. Rd4 Rb3 40. Rc4 Ne7
41. Kf2 Nxd5 42. Rc6 Ke6 43. Rxa6 Rxb4 44. Ra8 Rb2+ 45. Kg3 Nf6 46. a5 Nh5+ 47.
Kh4 Rxg2 48. Kxh5 Kd5 49. a6 Ra2 50. Kxh6 e3 51. a7 Kd4 52. Kg5 e2 53. Re8 Kd3
0-1